Restaurants-cafés-bars
Պահպանված է:
| Հիմնական հեղինակ: | |
|---|---|
| Ձևաչափ: | Գիրք |
| Լեզու: | իսպաներեն |
| Հրապարակվել է: |
Stuttgart
Verlagsanstalt
1959
|
| Խորագրեր: | |
| Ցուցիչներ: |
Ավելացրեք ցուցիչ
Չկան պիտակներ, Եղեք առաջինը, ով նշում է այս գրառումը!
|
MARC
| LEADER | 00000nam a2200000 a 4500 | ||
|---|---|---|---|
| 001 | UCO1807 | ||
| 003 | CL-VaPUC | ||
| 008 | 000519e19590000GW |||||||||||||||||spa|d | ||
| 082 | 0 | 4 | |a 725.71 |b KOC |2 21 |
| 100 | |a Koch, Alexander |e author |9 444317 | ||
| 245 | 1 | 0 | |a Restaurants-cafés-bars |
| 300 | |a 407 p | ||
| 942 | |c BK | ||
| 945 | |d 20000519 00:00:00 |a rbrito | ||
| 260 | |a Stuttgart |b Verlagsanstalt |c 1959 | ||
| 650 | 0 | |a Arquitectura de restaurantes |9 444318 | |
| 650 | 0 | |a Restaurantes |9 444319 | |
| 650 | 7 | |a CANTINAS |2 CL-VaPUC |9 444320 | |
| 650 | 7 | |a CAFES |2 CL-VaPUC |9 444321 | |
| 583 | |a last modification |c 20000519 00:00:00 |k Rodrigo Vera | ||
| 999 | |c 288400 |d 288398 | ||
| 952 | |0 0 |1 0 |4 0 |6 725_710000000000000_KOC_1959 |7 0 |8 A |9 336068 |a BIBARQ |b BIBARQ |d 2019-11-20 |i 3621553 |o 725.71 KOC 1959 |p 3621553 |r 2025-01-20 |w 2019-11-20 |y BK |k ARQ | ||